|
|
|
|
| LEADER |
00000nas a22000007a 4500 |
| 005 |
20130321180613.0 |
| 007 |
cr|||| |||| |
| 008 |
130321c20059999xxufr|p s|||| 0|||a1eng d |
| 022 |
|
|
|a 15533158
|
| 035 |
|
|
|a 7214
|
| 040 |
|
|
|a vLex
|
| 090 |
|
|
|c 3978
|d 3978
|
| 245 |
0 |
0 |
|a Journal of National Security Law & Policy
|h [Recurso electrn̤ico]
|
| 256 |
|
|
|a Servicio en ln̕ea
|
| 260 |
|
|
|a Sacramento, CA :
|b University of the Pacific, McGeorge School of Law,
|c 2005-
|
| 300 |
|
|
|a 1 Recurso electrn̤ico
|
| 506 |
|
|
|d vLex Global
|d vLex Global (Academic Edition, excluding Law Schools)
|d vLex Global (U.S. Academic Edition, Law Schools)
|d vLex Global (U.S. Academic Edition, excluding Law Schools)
|d vLex Global (Academic Edition, Law Schools)
|
| 650 |
0 |
4 |
|a Defensa
|v Revistas
|
| 650 |
0 |
4 |
|a Seguridad ciudadana
|v Revistas
|
| 740 |
|
|
|a vLex Revistas (Servicio en ln̕ea)
|
| 856 |
|
|
|a Acceso restringido
|u http://www.vlex.com/source/7214
|
| 942 |
|
|
|c REV
|
| 999 |
|
0 |
|a Defense
|